Responsive Classroom Course Resource Book (Record no. 24825)

MARC details
000 -LEADER
fixed length control field 00541nam a22001817a 4500
003 - CONTROL NUMBER IDENTIFIER
control field OSt
005 - DATE AND TIME OF LATEST TRANSACTION
control field 20260618153123.0
008 - FIXED-LENGTH DATA ELEMENTS--GENERAL INFORMATION
fixed length control field 260618b |||||||| |||| 00| 0 eng d
040 ## - CATALOGING SOURCE
Transcribing agency Chuka University Library
050 ## - LIBRARY OF CONGRESS CALL NUMBER
Classification number LB 3013
Item number .R4 2014
100 ## - MAIN ENTRY--PERSONAL NAME
Personal name Responsive Classroom
9 (RLIN) 30281
245 ## - TITLE STATEMENT
Title Responsive Classroom Course Resource Book
260 ## - PUBLICATION, DISTRIBUTION, ETC.
Place of publication, distribution, etc. Turners Falls
Name of publisher, distributor, etc. Center for Responsive Schools,Inc
Date of publication, distribution, etc. 2014
300 ## - PHYSICAL DESCRIPTION
Extent 187 pages
650 ## - SUBJECT ADDED ENTRY--TOPICAL TERM
Topical term or geographic name entry element Classroom Management
9 (RLIN) 11400
650 ## - SUBJECT ADDED ENTRY--TOPICAL TERM
Topical term or geographic name entry element Effective Teaching
9 (RLIN) 11612
942 ## - ADDED ENTRY ELEMENTS (KOHA)
Source of classification or shelving scheme Library of Congress Classification
Koha item type Long Loan Books
Suppress in OPAC No
Holdings
Withdrawn status Lost status Source of classification or shelving scheme Damaged status Not for loan Collection Home library Current library Shelving location Date acquired Source of acquisition Cost, normal purchase price Total Checkouts Full call number Barcode Date last seen Price effective from Koha item type
    Library of Congress Classification     General Collection Books Main Campus Library Main Campus Library General Stacks 18/06/2026 Donation from Books for Africa 1520.00   LB 3013 .R47 2014 35471/2026 18/06/2026 18/06/2026 Long Loan Books

Powered by Koha